Nhiễu xạ: Chứng chỉ quang học

Đã lưu trong:
書目詳細資料
主要作者: Nguyễn Chung Tú
格式: 圖書
語言:Undetermined
出版: Sài Gòn Trung tâm học liệu 1969
主題:
標簽: 添加標簽
沒有標簽, 成為第一個標記此記錄!
Thư viện lưu trữ: Trung tâm Học liệu Trường Đại học Cần Thơ
LEADER 00518nam a2200181Ia 4500
001 CTU_2308
008 210402s9999 xx 000 0 und d
082 |a 535.4 
082 |b T500 
100 |a Nguyễn Chung Tú 
245 0 |a Nhiễu xạ: Chứng chỉ quang học 
245 0 |c Nguyễn Chung Tú 
260 |a Sài Gòn 
260 |b Trung tâm học liệu 
260 |c 1969 
650 |a diffraction,optics 
904 |i Minh, 960823 
980 |a Trung tâm Học liệu Trường Đại học Cần Thơ